OPAC | Catalogo Arcigay delle biblioteche LGBTQIA+

Il Catalogo di Arcigay delle Biblioteche LGBTQIA+ è un servizio fornito grazie alla collaborazione tra Arcigay nazionale e le associazioni locali aderenti al progetto che conservano e rendono pubbliche biblioteche a tema LGBTQIA+.

Serenata / (Record no. 20293)

MARC details
000 -LEADER
campo di controllo lung. fissa 00889nam a22002657i 4500
001 - Numero di controllo
campo di controllo IT\ICCU\RAV\0672933
003 - Identificatore del numero di controllo
campo di controllo ItRI
005 - Data e orario dell'ultima transazione
campo di controllo 20260115232312.0
008 - Elementi di lunghezza fissa--Informazione generale
campo di controllo lung. fissa 000614s1958 it |||||| ||||| |||||c
015 ## - Numero della bibliografia nazionale
Fonte IT
Numero della bibliografia nazionale 584829
040 ## - Fonte della catalogazione
Lingua della catalogazione ita
Agenzia che fa la trascrizione importazione bologna sebina
041 #7 - Codice di lingua
Codice di lingua del testo/traccia sonora o titolo separato ita
Fonte del codice ISO-639-2
082 ## - Numero di classificazione Decimale Dewey
Numero di classificazione 813
-- Narrativa americana in inglese
Numero dell'edizione 14
100 1# - Accesso principale -- nome di persona
Nome di persona Cain, James M.
Numero del record di authority o numero standard IT\ICCU\CFIV\064979
Relazione: aut
240 10 - Titolo uniforme
Titolo uniforme Serenade
-- IT\ICCU\RAV\0058290
9 (RLIN) Cain, James M.
245 10 - Formulazione del titolo
Titolo Serenata /
Formulazione di responsabilità, ecc. James M. Cain.
250 ## - Formulazione di edizione
Formulazione di edizione [Ed. integrale]
260 ## - Pubblicazione, distribuzione, ecc. (stampa)
Luogo di pubblicazione, distribuzione, ecc. [Milano] :
Nome dell'editore, distributore, ecc. A. Mondadori,
Data di pubblicazione, distribuzione, ecc. 1958
300 ## - Descrizione fisica
Estensione 239 p. ;
Dimensioni 19 cm
500 ## - Nota generale
Nota generale Trad. di Ida Omboni.
790 1# -
-- Cain, James
-- IT\ICCU\CFIV\169092
-- Cain, James M.
790 1# -
-- Cain, James Mallahan
-- IT\ICCU\CFIV\169093
-- Cain, James M.
830 #2 - Accesso aggiunto di serie--titolo uniforme
Titolo uniforme I libri del pavone ;
Numero del volume/designazione di sequenza 165
Numero del record di authority o numero standard IT\ICCU\RMS\2659691
942 ## - Dati aggiuntivi (Koha)
Fonte della classificazione o dello schema di collocazione (segnatura) Classificazione decimale Dewey
Tipo copia default (Koha) Libri
Nasconto in Opac No
Holdings
Status ritirato Status smarrito: Status danneggiato: Escluso dal prestito Biblioteca di appartenenza Biblioteca corrente Data di acquisti Numero d'inventario Totale prestiti Collocazione Codice a barre Data ultima revisione Prezzo effettivo da Tipo copia default (Koha) Nota pubblica
        BOLOGNA | Centro di Documentazione "Flavia Madaschi" Cassero LGBTQIA+ Center BOLOGNA | Centro di Documentazione "Flavia Madaschi" Cassero LGBTQIA+ Center 15/01/2026 3470   DOC 813.52 CAI BO3470 15/01/2026 15/01/2026 Libri 1 v.
Se cerchi informazioni su Arcigay, le puoi trovare nel nostro sito: www.arcigay.it